Quốc văn chu dịch diễn giải

Toàn bản "Chu Dịch Quốc văn" này có mười quyển nhỏ, đầu từ quẻ Càn, sau đến quẻ Vị tế, gồm sáu mươi bốn quẻ, Hào từ, Tượng, Soán, đều có giải nghĩa, mà bình luận một cách rõ ràng......

Szczegółowa specyfikacja

Zapisane w:
Opis bibliograficzny
1. autor: Phan, Bội Châu
Format: Książka
Język:Undetermined
Wydane: Hà Nội Văn học 2010
Hasła przedmiotowe:
Etykiety: Dodaj etykietę
Nie ma etykietki, Dołącz pierwszą etykiete!
Thư viện lưu trữ: Trung tâm Học liệu Trường Đại học Cần Thơ
LEADER 00987nam a2200205Ia 4500
001 CTU_176230
008 210402s9999 xx 000 0 und d
020 |c 155000 
082 |a 181.11 
082 |b Ch125 
100 |a Phan, Bội Châu 
245 0 |a Quốc văn chu dịch diễn giải 
245 0 |c Phan Bội Châu 
260 |a Hà Nội 
260 |b Văn học 
260 |c 2010 
520 |a Toàn bản "Chu Dịch Quốc văn" này có mười quyển nhỏ, đầu từ quẻ Càn, sau đến quẻ Vị tế, gồm sáu mươi bốn quẻ, Hào từ, Tượng, Soán, đều có giải nghĩa, mà bình luận một cách rõ ràng... 
650 |a Philosophy, Chinese,Confucianism,Prophecies (Occultism),Triết học Trung Quốc,Đạo Khổng (Nho giáo),Sự tiên tri (Sự nghiên cứu huyền bí) 
904 |i Năm 
980 |a Trung tâm Học liệu Trường Đại học Cần Thơ